00441 a2200157 4500003000400000005001700004008004100021020001800062040000900080082001700089100004300106245007400149250001200223260003900235300000900274OSt20231121110926.0231121b |||||||| |||| 00| 0 eng d a9780521689205 coclc a574.5bCHA/E1 aChapman, J. L.q(Jenny Louise),d1955- aEcology :b principles and applications /c J L Chapman and M J Reiss a2nd ed. bCambridge University press,c2019. a330p